| 000 | 00803nam a2200205 a 4500 | ||
|---|---|---|---|
| 003 | 0 | ||
| 005 | 20250616133859.0 | ||
| 008 | 030603s19uu xx 00 eng d | ||
| 050 |
_aPGS SB 419 _b.J37 1999 |
||
| 100 | _aJarusiri, Ivan L. | ||
| 245 |
_aA comparative study on the effects of different planting media on the growth of plants / _cIvan L. Jarusiri. |
||
| 260 |
_aLas PiƱas City, Philippines : _bSouthville International School and Colleges, _c1999. |
||
| 300 |
_a61 pages : _bcolored illustrations ; _c28 cm. |
||
| 504 | _aIncludes bibliographical references. | ||
| 650 |
_aPlant growing media _vComparative studies. |
||
| 650 |
_aPlants _vGrowth _vSoil influence. |
||
| 650 |
_aPlant-soil relationships _vExperimental research. |
||
| 650 |
_aSoil science _vExperiments. |
||
| 942 |
_2lcc _cPASS |
||
| 999 |
_c97174 _d97174 |
||